design and fabrication of guide lever for rope winding with length indication (Record no. 325630)

000 -LEADER
fixed length control field 00422 a2200133 4500
001 - CONTROL NUMBER
control field 90557
082 ## - DEWEY DECIMAL CLASSIFICATION NUMBER
Classification number PR 957
090 ## - LOCALLY ASSIGNED LC-TYPE CALL NUMBER (OCLC); LOCAL CALL NUMBER (RLIN)
-- 42892
-- 42892
100 ## - MAIN ENTRY--PERSONAL NAME
Personal name Shahid Raza; MH Mughal; AbdulSattar Chandio, advisors
245 ## - TITLE STATEMENT
Title design and fabrication of guide lever for rope winding with length indication
Number of part/section of a work G-27
260 ## - PUBLICATION, DISTRIBUTION, ETC.
Place of publication, distribution, etc. Karachi
Name of publisher, distributor, etc. NED University
Date of publication, distribution, etc. 1988
300 ## - PHYSICAL DESCRIPTION
Extent viii, 57 p.
Other physical details hand written
500 ## - GENERAL NOTE
General note BE Project Reports
942 ## - ADDED ENTRY ELEMENTS (KOHA)
Institution code [OBSOLETE] CAE NUST
Call number prefix PR 957
Holdings
Withdrawn status Lost status Damaged status Not for loan Collection code Permanent Location Current Location Date acquired Total Checkouts Full call number Barcode Date last seen Price effective from Koha item type
          College of Aeronautical Engineering (CAE) College of Aeronautical Engineering (CAE) 04/03/2017   PR 957 CAEPR-957 04/05/2017 04/05/2017 Book
© 2023 Central Library, National University of Sciences and Technology. All Rights Reserved.